Portuguese knowledge - Statistics

General Stats
  • This quiz has been taken 85 times
  • The average score is 6 of 15
Answer Stats
Hint Answer % Correct
Portuguese currency Euro
88%
Dictator who ruled for thirty-two years António de Oliveira Salazar
75%
Author of the epic "Os Lusíadas" Luís Vaz de Camões
73%
City in which was founded the first portuguese university Coimbra
68%
The year Portugal joined the European Union 1986
60%
Name of the national anthem A Portuguesa
48%
4th most populated municipality Porto
47%
Number of members in the CPLP 9
44%
Longest portuguese river Mondego
34%
Historical leader of the Portuguese Comunist Party Álvaro Cunhal
23%
Which general and saint won the Battle of Aljubarrota? Nuno Álvares Pereira
18%
First athlete to win a gold medal in the Olimpics Carlos Lopes
15%
Which author introduced the romanticism in Portugal? Almeida Garrett
5%
Which pope granted the Manifestis Probatum? Alexander III
4%
Tallest skyscraper Torre Vasco da Gama
4%
No matching quizzes found
Score Distribution
Percent of People with Each Score
Percentile by Number Answered
Your Score History
You have not taken this quiz